Ingo y Drago

Збережено в:
Бібліографічні деталі
Автор: Lobe, Mira (autora)
Формат: Книга
Мова:Іспанська
Опубліковано: Madrid SM 1997
Редагування:20a. ed
Серія:El Barco de Vapor, 15
Предмети:
Теги: Додати тег
Немає тегів, Будьте першим, хто поставить тег для цього запису!

MARC

LEADER 00000nam a2200000 a 4500
001 UCH6007
003 CL-VaPUC
008 091109e19970000SP |||||||||||||||||spa|d
020 |a 8434813084 
082 0 4 |a 808.0683  |b LOB  |2 21 
100 |a Lobe, Mira  |e autora  |9 547022 
245 1 0 |a Ingo y Drago 
250 |a 20a. ed 
300 |a 128 p 
942 |c BK 
945 |d 20091109 00:00:00  |a lazolas 
260 |a Madrid  |b SM  |c 1997 
500 |a Desde 7 años 
650 0 |a Literatura infantil   |9 307465 
650 0 |a Novelas austriacas  |9 269443 
650 7 |a NOVELAS DE FICCION  |2 CL-VaPUC  |9 542406 
583 |a last modification  |c 20091109 00:00:00  |k Rodrigo Vera 
490 0 |a El Barco de Vapor, 15 
999 |c 336989  |d 336987